00776nam a2200205 a 450000100100000000500170001000800410002704000250006808200180009310000300011124501280014126000280026930000210029765000330031865000350035165000420038604900090042895201160043799900170055300002596620200930024206.0110217s1972 fr r 000 | spa d aDO-SdBNPbspacBNPHU a374.26bW247r1 aWaniewicz, Icnacy,95285413aLa radiocomunicación al servicio de la educación de adultos :bcompendio de la experiencia mundial /cIcnacy Waniewicz. aParis :bUNESCO,c1972. a137 p. ;c18 cm. 4aEducación de adultos91419 4aRadio en la educación952855 4aTelevisión en la educación952856 aBNGR 001050718MOaGRbGRcCTd2011-02-24iLF1l0o374.26 W247rp25966-10r2020-06-25w2020-06-25y1ZNo se presta c25458d25458